Libro de buen amor

Gespeichert in:
Bibliographische Detailangaben
1. Verfasser: Hita, Arcipreste de
Format: Buch
Sprache:Undetermined
Veröffentlicht: México, Distrito Federal Porrúa 1975
Ausgabe:4
Schlagworte:
Tags: Tag hinzufügen
Keine Tags, Fügen Sie den ersten Tag hinzu!

MARC

LEADER 00000nam a2200000Ia 4500
008 170316s9999 xx 000 0 und d
090 |a 862 H-8L 
100 |a Hita, Arcipreste de 
245 |a Libro de buen amor 
250 |a 4 
260 |a México, Distrito Federal 
260 |b Porrúa 
260 |c 1975 
300 |a 397 páginas 
650 |a LITERATURA ESPAÑOLA 
650 |a LITERATURA MEDIEVAL ESPAÑOLA 
650 |a POESÍA 
999 |c 25384  |d 25384 
040 |a cru BVZT 
942 |c 15 D  |h 862 H-8L  |2 z